000 00815cam a22002654a 4500
001 4995954
005 20250117132715.0
008 990622s2000 paua b 001 0 eng c
020 _a9780721682334
050 0 0 _aQR185.5
_b.A23 2000
082 0 0 _a616.07/9
_221
100 1 _aAbbas, Abul K.
245 1 0 _aCellular and molecular immunology /
_cAbul K. Abbas, Andrew H. Lichtman, Jordan S. Pober.
250 _a4th ed.
260 _aPhiladelphia :
_bW.B. Saunders,
_cc2000.
300 _avii, 553 p. :
_bill. (some col.) ;
_c28 cm.
650 1 2 _aCellular immunity.
650 1 2 _aMolecular immunology.
650 1 2 _aImmunity, Cellular.
650 2 2 _aAntigens
_ximmunology.
650 2 2 _aLymphocytes
_ximmunology.
700 1 _aLichtman, Andrew H.
700 1 _aPober, Jordan S.
942 _2lcc
_cBK
_e4th ed.
_n0
999 _c2631
_d2631